000 01430nam a2200241Ia 4500
003 Ost
005 20260507075031.0
008 260507s9999||||xx |||||||||||||| ||und||
020 _a4151504977
040 _cfsecg
041 _aara
082 _a330
100 _aعفيفي، صديق محمد
_eمؤلف
245 0 _aتنظيم الدولة وإدارة الإقتصاد القومي /
_c صديق محمد عفيفي
250 _aطبعة 6
260 _aالقاهرة:
_bمكتبة عين الشمس,
_c2003
300 _a523 صفحة؛
_bإيضاحات ؛
_c24 سم
520 _aإعادة صياغة الدولة في ظل التحولات الإقتصادية الجديدة، المتطالبات الإدارية، مؤسسة الدولة، الملامح الرئيسية والأشكال التنظيمية في تنظيم الجهاز الإداري الحكومي، التنظيم الرئيسي الحالي للدولة، مشكلات وإتجاهات ترشيد التنظيم الحكومي، المقومات الأساسية للتحكم المحليى في مصر،إستراتيجية التخصصية لتطوير قطاع الأعمال العام، نظام مقترح لإختيار القيادات، الإطار العام لإستراتيجية التنمية الإدارية
653 _aالإدارة
653 _aالإقتصاد
653 _aالدولة
942 _cكتاب
999 _c42398
_d42398